[Event "CRO-chT"]
[Site "Pula"]
[Date "2000.09.17"]
[Round "7"]
[White "Smirin, Ilia"]
[Black "Almasi, Zoltan"]
[Result "1-0"]
[WhiteElo "2677"]
[BlackElo "2668"]
[PlyCount "53"]
[EventDate "2000.09.??"]
[EventType "team"]
[EventRounds "9"]
[EventCountry "CRO"]
[SourceTitle "CBM 078 Extra"]
[Source "ChessBase"]
[SourceDate "2000.11.10"]
[SourceVersion "1"]
[SourceVersionDate "2000.11.10"]
[SourceQuality "1"]

1. c4 e5 2. Nc3 Nf6 3. Nf3 Nc6 4. d4 exd4 5. Nxd4 Bb4 6. Bg5 O-O 7. Rc1 h6 8.
Bh4 Re8 9. e3 Nxd4 10. Qxd4 c5 11. Qd6 Re6 12. Qd1 b6 13. Be2 Bb7 14. O-O Bxc3
15. Rxc3 Qe8 16. Bf3 Bxf3 17. Qxf3 Rd6 18. Rd1 Rxd1+ 19. Qxd1 Qe6 20. Rd3 g5
21. Bg3 Re8 22. b3 h5 23. f3 b5 24. e4 h4 25. Rd6 Qe7 26. Bf2 bxc4 27. Bxc5 1-0

[Event "EU-chT (Men) 13th"]
[Site "Leon"]
[Date "2001.11.11"]
[Round "6.2"]
[White "Smirin, Ilia"]
[Black "Vallejo Pons, Francisco"]
[Result "1-0"]
[WhiteElo "2698"]
[BlackElo "2630"]
[Annotator "Dautov,R"]
[PlyCount "55"]
[EventDate "2001.11.06"]
[EventType "team-swiss"]
[EventRounds "9"]
[EventCountry "ESP"]
[SourceTitle "CBM 086"]
[Source "ChessBase"]
[SourceDate "2002.02.05"]
[SourceVersion "1"]
[SourceVersionDate "2002.02.05"]
[SourceQuality "1"]
[WhiteTeam "Israel"]
[BlackTeam "Spain"]
[WhiteTeamCountry "ISR"]
[BlackTeamCountry "ESP"]

1. c4 Nc6 2. d4 d5 3. cxd5 Qxd5 4. e3 e5 5. Nc3 Bb4 6. Bd2 Bxc3 7. bxc3 Nf6 8.
f3 e4 (8... Qd6 9. Bd3 O-O 10. Ne2 Re8 11. O-O $14) 9. Qb3 {Ilia Smirin
bekommt als 1.e4-Spieler nicht häufig eine Stellung der
Tschigorin-Verteidigung aufs Brett. Mit dem neuen Stellungstyp konfrontiert,
findet man nicht selten eine neue und interessante Idee. Dies war auch hier
der Fall, schon im nächsten Zug präsentiert Ilia eine Neuerung.} ({Die andere
für Weiß aussichtsreiche Fortsetzung ist} 9. c4 Qd6 10. Qb1 Bf5 11. f4 O-O 12.
Ne2 {In dieser Stellung hat Schwarz einige Möglichkeiten:} a5 $5 (12... h5 $6
13. d5 $1 Ne7 14. Bb4 Qd7 15. Nd4 Bg6 16. Be2 $14 {Avrukh,B-Miladinovic,I/
Istanbul 2000}) (12... Rfe8 13. h3 (13. Ng3 Bd7 14. Be2 $14) 13... h5 14. Qb2
a5 15. a3 Ne7 16. Nc3 c6 17. Na4 b5 18. Nb6 Rab8 19. Bxa5 bxc4 20. Qc1 Nfd5 21.
Nxc4 Qg6 22. Kf2 h4 23. Kg1 Be6 24. Be1 Nf5 $44 {Avrukh,B-Peek,M/Amsterdam 2001
}) 13. d5 Ne7 (13... Nb4 $6 14. Nd4 Bd7 15. a3 Na6 16. Bxa5 $16) 14. Nd4 Bd7
$132 {/\b6,/\Nf5}) 9... Qd6 10. Qb1 $1 $146 {Weiß verzichtet auf c3-c4, um
sein Bauernzentrum nicht vorzeitig zu schwächen und versucht stattdessen eine
zügige Entwicklung mit dem Druck gegen e4 zu verbinden.} (10. c4 O-O 11. f4 a5
$1 12. a3 Re8 13. Ne2 Bd7 14. Bc3 a4 $1 15. Qc2 Na5 16. Nc1 b6 17. Be2 Ng4 18.
Bxg4 Bxg4 $11 {Hoang Than Trang-Botsari Miladinovic,A/Elista 1998}) 10... Bf5 (
10... Qe7 $5) 11. Ne2 Bg6 {/\ef3} (11... O-O-O 12. Ng3 Qe6 (12... Bg6 $2 13.
fxe4 Rhe8 14. Bd3 h5 15. O-O h4 16. Nf5 $16) 13. Nxf5 Qxf5 14. Be2 Qg6 15. O-O
$14) 12. Qb3 (12. Qxb7 $5 Rb8 13. Qa6 {schien Weiß zu riskant zu sein.} {
Dennoch ist es nach} O-O 14. Nf4 Rb6 15. Qa4 $16 {nicht leicht zu sehen, wie
Schwarz seine Initiative entwickeln soll.}) (12. Nf4 $6 exf3 13. Nxg6 hxg6 14.
gxf3 O-O-O {[%csl Rh2] ><h2}) 12... O-O 13. Nf4 Na5 $6 {Dieser Zug spielt Weiß
in die Hände, in dem entstehenden Endspiel wird das weiße Läuferpaar den
schwarzen Springern überlegen sein.} (13... Bf5 $6 14. g4 Be6 15. Nxe6 fxe6 16.
g5 $16) ({In Frage kam} 13... b6 $5 {(mit der Idee Na5 und c7-c5)} 14. Nxg6
hxg6 15. Be2 Na5 $132 {[%cal Rc7c5]}) 14. Qb4 $14 Nc6 (14... b6 15. Qxd6 cxd6
16. c4 Rfc8 17. Rc1 $14) 15. Qxd6 cxd6 16. h4 $1 exf3 17. gxf3 {/\e4,h5} Nh5
18. Nxg6 hxg6 19. Rg1 Rac8 20. c4 Ne7 21. Rb1 $16 Nf5 $2 {Diese Entscheidung
ist eindeutig falsch, der gesunde Bauer b7 ist mehr Wert als die Schwäche auf
h4.} (21... b6 22. e4 Nc6 23. Bc3 $16) 22. Rxb7 Nxh4 23. Kf2 Rb8 24. Rb3 Rb6
25. Bd3 Rfb8 26. Rgb1 Kf8 $2 (26... Nf5 27. Rxb6 axb6 (27... Rxb6 28. Rxb6 axb6
29. Bb4 $18) 28. a4 Ra8 29. Bc2 $16) 27. Bb4 $18 Ke7 28. Bxd6+ $1 1-0

[Event "Biel GM"]
[Site "Biel"]
[Date "2002.07.24"]
[Round "3"]
[White "Kortschnoj, Viktor Lvovich"]
[Black "Smirin, Ilia"]
[Result "0-1"]
[WhiteElo "2626"]
[BlackElo "2676"]
[Annotator "Krasenkow,M"]
[PlyCount "92"]
[EventDate "2002.07.22"]
[EventType "tourn"]
[EventRounds "10"]
[EventCountry "SUI"]
[EventCategory "16"]
[SourceTitle "CBM 091"]
[Source "ChessBase"]
[SourceDate "2002.11.12"]
[SourceVersion "1"]
[SourceVersionDate "2002.11.12"]
[SourceQuality "1"]

1. d4 Nf6 2. c4 g6 3. Nc3 d5 4. Nf3 Bg7 5. cxd5 Nxd5 6. e4 Nxc3 7. bxc3 c5 8.
Be3 Qa5 9. Bd2 O-O 10. Be2 Bg4 11. O-O Rd8 12. Ng5 $2 {About this line - see
CBM89, annotations to Kortschnoj-Balinov, which saw} (12. d5) {The text move
is a very unfortunate attempt of improvement.} 12... Bxe2 13. Qxe2 Qa6 $1 {
[%mdl 4] The right reaction.} (13... cxd4 14. cxd4 Qb6 15. Qf3 Qf6 (15... f6 $4
16. Ba5 $18) 16. Qh3 h6 17. Nf3 {leaves initiative with White.}) 14. Qxa6 (14.
Qf3 {can now be met with} f6 15. Nh3 cxd4 16. cxd4 Rxd4) 14... Nxa6 {The
endgame is favourable for Black as the white pieces are not consolidated.} 15.
d5 (15. Rab1 cxd4 16. cxd4 b6 17. d5 e6 $17) 15... c4 $1 {A typical pawn
advance disconnecting the white c3 and d5 pawns and preparing ...Nc5.} (15...
e6 {was less solid but also good:} 16. Rab1 exd5 17. Rxb7 dxe4 18. Nxe4 f5 19.
Bh6 $1 Bh8 $1 $17) 16. Be3 Rac8 17. Bxa7 (17. Rab1 b6 18. Rfc1 Nc5 $17) 17...
Bxc3 18. Rab1 Rd7 19. Be3 Bg7 $17 {[%csl Gc4]} 20. Rb5 {trying to prevent ...
Nc5 but the knight has another route.} (20. Rfc1 c3 21. f4 Rc4 $1 {[%cal Rh7h6]
} 22. e5 Nb4 23. Rxb4 Rxb4 24. Rxc3 Rxd5 25. Rc8+ Bf8 $19) 20... c3 21. f4 $6 (
{According to GM I.Smirin,} 21. Nf3 {was correct, although after} Rc4 22. e5
Nb4 23. e6 Rxd5 24. Rxb7 {I.Smirin} fxe6 {Black's position is certainly
preferable.}) 21... c2 22. Rc1 (22. e5 $142 Rc4 23. a3 $1 {preventing 23...Nb4}
Rc3 $17 {I.Smirin}) 22... Rc4 $1 {[%cal Ra6b4,Rh7h6]} 23. a3 (23. e5 Nb4 24.
Rxb4 Rxb4 25. Rxc2 Rxd5 26. Rc8+ Bf8 $19) 23... h6 24. Nf3 Rxe4 $19 {The rest
is a matter of technique.} 25. Kf2 Rc7 26. Bb6 Rc3 27. Rb2 Rxa3 28. Rbxc2 Nb4
29. Rc8+ Kh7 30. Rd1 Nd3+ (30... Rd3 $19) 31. Kf1 Nxf4 32. Re8 f5 33. Bc7 Rd3
34. Rxd3 Nxd3 35. Rb8 Rb4 36. Re8 Bf6 37. Rd8 Nc5 (37... Rb2 $19) 38. d6 (38.
Be5 Bxe5 39. Nxe5 Kg7 40. d6 exd6 41. Rxd6 {doesn't help in view of} Rb1+ 42.
Ke2 Rb2+ 43. Kf1 Rf2+ $1 44. Kg1 Re2 45. Nxg6 Ne4 $19) 38... exd6 39. Rxd6 Bg7
40. h4 Ne4 41. Re6 Rb1+ 42. Ke2 Rb2+ 43. Kf1 g5 44. hxg5 hxg5 45. Kg1 g4 46.
Nh4 g3 0-1

[Event "ISR-chT"]
[Site "Israel"]
[Date "2015.05.01"]
[Round "11.1"]
[White "Smirin, Ilia"]
[Black "Laznicka, Viktor"]
[Result "1-0"]
[WhiteElo "2644"]
[BlackElo "2670"]
[PlyCount "87"]
[EventDate "2015.01.09"]
[EventType "team-tourn"]
[EventRounds "11"]
[EventCountry "ISR"]
[SourceTitle "EXT 2016"]
[Source "ChessBase"]
[SourceDate "2015.10.08"]
[SourceVersion "1"]
[SourceVersionDate "2015.10.08"]
[SourceQuality "1"]
[WhiteTeam "Ashdod Ilit"]
[BlackTeam "Beer Sheva"]
[WhiteTeamCountry "ISR"]
[BlackTeamCountry "ISR"]

1. e4 c6 2. d4 d5 3. e5 Bf5 4. Nf3 e6 5. Be2 c5 6. Be3 cxd4 7. Nxd4 Ne7 8. Nd2
Nbc6 9. N2f3 Bg4 10. O-O Bxf3 11. Nxf3 Qc7 12. Re1 Ng6 13. Bb5 Be7 14. Bd2 a6
15. Bf1 O-O 16. Qe2 Qb6 17. Rab1 Rac8 18. c3 Bd8 19. b4 Qa7 20. Be3 Bb6 21. Qd2
Bxe3 22. Rxe3 Rfd8 23. Rd1 h6 24. a4 a5 25. b5 Nce7 26. Nd4 Qc5 27. Qb2 Qc7 28.
Rde1 Nh4 29. Bd3 Nhf5 30. Bxf5 Nxf5 31. Nxf5 exf5 32. Qb1 f4 33. Rd3 Qc4 34.
Qd1 Re8 35. Rxd5 Qxc3 36. h3 Rc4 37. Rd7 Rxa4 38. Kh2 Rb4 39. Rxb7 Rxe5 40. Qd7
Rg5 41. h4 Rg6 42. Re8+ Kh7 43. Rbb8 Re6 44. h5 1-0

[Event "Poikovsky Karpov 16th"]
[Site "Poikovsky"]
[Date "2015.10.04"]
[Round "6"]
[White "Khismatullin, Denis Rimovich"]
[Black "Smirin, Ilia"]
[Result "0-1"]
[WhiteElo "2651"]
[BlackElo "2655"]
[Annotator "Schulz,Andre"]
[PlyCount "86"]
[EventDate "2015.09.28"]
[EventType "tourn"]
[EventRounds "9"]
[EventCountry "RUS"]
[EventCategory "17"]
[SourceTitle "CBM 169"]
[Source "ChessBase"]
[SourceDate "2015.11.10"]
[SourceVersion "1"]
[SourceVersionDate "2015.11.10"]
[SourceQuality "1"]

1. d4 Nf6 2. c4 g6 3. Nc3 Bg7 4. e4 d6 5. Be2 O-O 6. Bg5 Na6 7. Qd2 e5 8. d5 c6
9. f3 cxd5 10. cxd5 Bd7 11. Bd1 ({Die Hauptvariante ist} 11. g4 h6 12. Be3 (12.
Bxh6 Nxe4 13. Nxe4 Qh4+ $17) 12... h5 {usw.}) 11... b5 12. a3 b4 13. axb4 Nxb4
14. Nge2 Qb8 15. O-O Rc8 16. Be3 Be8 17. Na4 Nd7 18. Nec3 Bf6 19. Be2 Bd8 20.
b3 Nb6 {[#] Weiß stand bisher etwas bequemer, begeht nun aber eine
Unvorsichtigkeit, die taktisch bestraft wird.} 21. Nb2 $2 Rxc3 $1 22. Qxc3
N6xd5 23. exd5 Nxd5 24. Qd2 Nxe3 {[#] Und Weiß kann wegen 25... Lb6 nicht
wiedernehmen.} 25. Rfe1 Qxb3 {Bilanz der Kombination: Drei Bauern für die
Qaulität und sehr aktive Figuren für Schwarz.} 26. Bd3 Bb6 27. Kh1 Rc8 28.
Nd1 Nxd1 29. Raxd1 Bd4 30. Qe2 Ba4 ({Einfach mit dem a-Bauern losrennen, war
auch stark.} 30... a5) 31. Rb1 Qc3 32. Qf1 Qd2 33. Bc4 {[#]} Rc5 ({Gut war
hier auch} 33... Bc2 {Nach} 34. Rbc1 (34. Rb7 Rxc4 $19) 34... Bb2 35. Re2 Qxc1
36. Qxc1 Bxc1 37. Rxc2 Rc5 ({oder auch} 37... d5 38. Bd3 Rxc2 39. Bxc2 $19) 38.
Rxc1 d5 $19 {ist das Endspiel leicht gewonnen.}) 34. Bb3 Bxb3 (34... Bb5 $1 35.
Red1 Qa5 $19) 35. Rxb3 a5 36. f4 e4 (36... a4) 37. Rbb1 e3 38. Red1 Qc3 39. Rd3
Qc4 40. Rbd1 $2 (40. Qd1 {leistete mehr Widerstand.}) 40... Rc8 41. f5 Bc5 42.
Qf3 Re8 43. f6 Qxd3 0-1

[Event "Poikovsky Karpov 16th"]
[Site "Poikovsky"]
[Date "2015.10.07"]
[Round "9"]
[White "Smirin, Ilia"]
[Black "Shirov, Alexei"]
[Result "1-0"]
[WhiteElo "2655"]
[BlackElo "2712"]
[Annotator "Schulz,Andre"]
[PlyCount "47"]
[EventDate "2015.09.28"]
[EventType "tourn"]
[EventRounds "9"]
[EventCountry "RUS"]
[EventCategory "17"]
[SourceTitle "CBM 169"]
[Source "ChessBase"]
[SourceDate "2015.11.10"]
[SourceVersion "1"]
[SourceVersionDate "2015.11.10"]
[SourceQuality "1"]

1. e4 c5 2. Nf3 d6 3. d4 cxd4 4. Nxd4 Nf6 5. Nc3 a6 6. g3 e5 7. Nb3 b5 8. a4 b4
9. Nd5 Bb7 10. Nxf6+ Qxf6 11. Bg2 Nc6 (11... Qd8 12. a5 Nd7 13. Bd2 Nc5 14.
Bxb4 Nxe4 15. O-O Be7 16. Qg4 h5 17. Qe2 d5 18. Bxe7 Qxe7 19. c4 Nf6 20. cxd5
e4 21. Rfc1 Bxd5 22. Nc5 O-O 23. Nxa6 Rfc8 24. b4 Ng4 25. h3 Nf6 26. Rxc8+ Rxc8
27. Nc5 Rb8 28. Qd2 h4 29. g4 e3 30. Qxe3 Qxe3 31. fxe3 Rxb4 32. a6 Bxg2 33.
Kxg2 Rb8 34. a7 Ra8 35. e4 g5 36. Ra5 Kg7 37. Kf3 {1-0 (37) Smirin,I (2649)
-Kotrotsos,V (2337) Athens 2007}) 12. a5 Be7 13. O-O O-O 14. Be3 Bc8 15. f4
exf4 16. gxf4 Bb7 17. Nd4 Rac8 18. Ra4 Bd8 19. Nf5 ({Die schwarze Idee war} 19.
Nxc6 Bxc6 20. Rxb4 Bxa5) 19... Bc7 20. Rxb4 Ba8 21. Rc4 Rce8 22. Qg4 Bxa5 $2 {
[#]} ({Nötig war} 22... Qg6 $16) 23. e5 dxe5 24. Bxc6 {mit Figurengewinn,
denn die Dg6 ist überlastet.} 1-0

[Event "Warsaw Najdorf Memorial op-A 14th"]
[Site "Warsaw"]
[Date "2016.07.13"]
[Round "6"]
[White "Smirin, Ilia"]
[Black "Efimenko, Zahar"]
[Result "1-0"]
[WhiteElo "2676"]
[BlackElo "2655"]
[PlyCount "99"]
[EventDate "2016.07.08"]
[EventType "swiss"]
[EventRounds "9"]
[EventCountry "POL"]
[SourceTitle "CBM 173 Extra"]
[Source "ChessBase"]
[SourceDate "2016.08.29"]
[SourceVersion "1"]
[SourceVersionDate "2016.08.29"]
[SourceQuality "1"]

1. e4 e5 2. Nf3 Nc6 3. Bb5 a6 4. Ba4 Nf6 5. O-O Be7 6. Re1 b5 7. Bb3 d6 8. c3
O-O 9. h3 Nb8 10. d4 Nbd7 11. Nbd2 Bb7 12. Bc2 Re8 13. a4 Bf8 14. Bd3 c6 15. b3
g6 16. Qc2 Bg7 17. Bb2 Qc7 18. b4 Nh5 19. Bf1 Nf4 20. dxe5 Nxe5 21. Nxe5 Bxe5
22. c4 Bxb2 23. Qxb2 bxa4 24. c5 Ne6 25. Rec1 Rad8 26. Rxa4 Bc8 27. Nf3 Nf4 28.
cxd6 Qxd6 29. e5 Qb8 30. b5 Nd5 31. Rxc6 axb5 32. Rh4 Ne7 33. Rc1 Nf5 34. Rb4
Qa7 35. Bxb5 Re7 36. Bc4 h6 37. Rb8 Ree8 38. e6 Bxe6 39. Rxd8 Rxd8 40. Bxe6
fxe6 41. Qf6 Ne7 42. Re1 Rd6 43. Rxe6 Rxe6 44. Qxe6+ Kh7 45. Ne5 h5 46. Qf7+
Kh6 47. Kh2 Qc5 48. f4 Qd6 49. Qf8+ Kh7 50. Nf3 1-0

[Event "Warsaw Najdorf Memorial op-A 14th"]
[Site "Warsaw"]
[Date "2016.07.14"]
[Round "7"]
[White "Bartel, Mateusz"]
[Black "Smirin, Ilia"]
[Result "0-1"]
[WhiteElo "2649"]
[BlackElo "2676"]
[PlyCount "102"]
[EventDate "2016.07.08"]
[EventType "swiss"]
[EventRounds "9"]
[EventCountry "POL"]
[SourceTitle "CBM 173 Extra"]
[Source "ChessBase"]
[SourceDate "2016.08.29"]
[SourceVersion "1"]
[SourceVersionDate "2016.08.29"]
[SourceQuality "1"]

1. e4 c5 2. Nf3 e6 3. d4 cxd4 4. Nxd4 a6 5. Nc3 Qc7 6. Bd3 Nf6 7. f4 d6 8. Be3
b5 9. Qf3 Bb7 10. g4 Nc6 11. g5 Nd7 12. a3 b4 13. axb4 Nxb4 14. O-O g6 15. Qh3
Bg7 16. f5 gxf5 17. exf5 Bxd4 18. Bxd4 e5 19. Be3 Nc5 20. Rad1 O-O-O 21. Qg4
Qc6 22. Bxc5 Qh1+ 23. Kf2 Qxh2+ 24. Ke3 dxc5 25. f6+ Kc7 26. Rf2 h5 27. Rxh2
hxg4 28. Rxh8 Rxh8 29. Rg1 Rh3+ 30. Kd2 Nxd3 31. cxd3 Bf3 32. Ne4 Rh5 33. g6
fxg6 34. Nxc5 Kd6 35. b4 Rh2+ 36. Kc3 a5 37. f7 axb4+ 38. Kxb4 Rh8 39. Ne4+ Ke7
40. Kc5 Bxe4 41. dxe4 Rd8 42. Rxg4 Kxf7 43. Rg1 Kf6 44. Rf1+ Kg5 45. Rf2 Kh4
46. Rf6 g5 47. Re6 g4 48. Rxe5 g3 49. Re7 Rg8 50. Rh7+ Kg4 51. Rh1 Kf4 0-1

[Event "Tata Steel-B 79th"]
[Site "Wijk aan Zee"]
[Date "2017.01.16"]
[Round "3"]
[White "Smirin, Ilia"]
[Black "Jones, Gawain C B"]
[Result "1-0"]
[WhiteElo "2667"]
[BlackElo "2665"]
[Annotator "ChessBase II"]
[PlyCount "71"]
[EventDate "2017.01.14"]
[EventType "tourn"]
[EventRounds "13"]
[EventCountry "NED"]
[EventCategory "14"]
[SourceTitle "CBM 177"]
[Source "ChessBase"]
[SourceDate "2017.03.16"]
[SourceVersion "1"]
[SourceVersionDate "2017.03.16"]
[SourceQuality "1"]
[TimeControl "40/6000+30:20/3000+30:900+30"]

1. e4 {[%emt 0:00:00]} e5 {[%emt 0:00:15]} 2. Nf3 {[%emt 0:00:25]} Nc6 {
[%emt 0:00:06]} 3. Bb5 {[%emt 0:01:12]} a6 {[%emt 0:00:07]} 4. Ba4 {[%emt 0:00:
04]} Nf6 {[%emt 0:00:06]} 5. d3 {[%emt 0:00:34]} b5 {[%emt 0:00:57]} 6. Bb3 {
[%emt 0:02:02]} Bc5 {[%emt 0:00:08]} 7. O-O {[%emt 0:02:08]} d6 {[%emt 0:02:29]
} 8. a4 {[%emt 0:02:49]} Rb8 {[%emt 0:03:45]} 9. axb5 {[%emt 0:01:17]} axb5 {
[%emt 0:00:11]} 10. Be3 {[%emt 0:01:23]} Bxe3 {[%emt 0:04:20]} 11. fxe3 {
[%emt 0:00:06]} O-O {[%emt 0:01:05]} 12. Nc3 {[%emt 0:01:25]} Ne7 $146 {
[%emt 0:06:04]} (12... Be6 13. Nd5 Bxd5 14. exd5 Ne7 15. e4 Ng6 16. Qd2 Ra8 17.
Ra5 Qb8 18. Rfa1 Qb6+ 19. Kh1 Rxa5 20. Qxa5 Qf2 21. Qd2 Qb6 22. g3 Ng4 23. h3
Nh6 24. g4 Nf4 25. Kh2 f6 26. d4 Nf7 27. Qa5 Qb8 28. Qa7 Qc8 29. Qa6 Qb8 30.
Ra5 h5 31. Qxb5 Qc8 32. Qa6 Qd8 33. Qf1 hxg4 34. hxg4 Qd7 35. Kg3 Nh6 36. Nh2
Qf7 37. Ra7 Qg6 38. Kf3 f5 39. exf5 Nxf5 40. gxf5 Rxf5 41. Qh1 e4+ 42. Ke3 {
Fressinet,L (2638)-Grischuk,A (2719) playchess.com INT 2004 0-1}) 13. Nd5 {
[%emt 0:18:16]} Nfxd5 {[%emt 0:06:28]} 14. Bxd5 {[%emt 0:01:59]} c6 {[%emt 0:
09:10]} 15. Bb3 {[%emt 0:00:51]} Ng6 {[%emt 0:00:39]} 16. Qe1 {[%emt 0:02:06]}
c5 {[%emt 0:11:13]} 17. Ra7 {[%emt 0:05:45]} c4 {[%emt 0:24:59]} 18. dxc4 {
[%emt 0:00:36]} Qb6 {[%emt 0:00:50]} 19. Ra5 {[%emt 0:05:56]} bxc4 {[%emt 0:01:
33]} 20. Bxc4 {[%emt 0:01:17]} Be6 {[%emt 0:00:12]} 21. Ra6 {[%emt 0:23:41]}
Qxb2 {[%emt 0:01:21]} 22. Bxe6 {[%emt 0:00:40]} fxe6 {[%emt 0:00:06]} 23. Qe2 {
[%emt 0:09:11]} Qb4 {[%emt 0:13:07]} 24. c4 {[%emt 0:08:09]} Qc5 {[%emt 0:02:
20]} 25. Kh1 {[%emt 0:03:05]} Rb3 {[%emt 0:04:00]} 26. Re1 {[%emt 0:01:28]} Qb4
{[%emt 0:07:12]} 27. Rd1 {[%emt 0:02:42]} Rd8 {[%emt 0:08:14]} 28. Ng5 {
[%emt 0:01:38]} Rb1 {[%emt 0:00:51]} 29. h3 {[%emt 0:01:58]} Nf8 {[%emt 0:01:
41]} 30. Ra7 {[%emt 0:02:29]} h6 {[%emt 0:01:26]} 31. Qf3 {[%emt 0:01:54]}
Rxd1+ {[%emt 0:00:16]} 32. Kh2 {[%emt 0:00:03]} Nd7 {[%emt 0:00:38]} 33. Qf7+ {
[%emt 0:00:18]} Kh8 {[%emt 0:00:00]} 34. Rxd7 {[%emt 0:00:22]} Rg8 {[%emt 0:00:
57]} 35. Qxg8+ {[%emt 0:00:14]} Kxg8 {[%emt 0:00:04]} 36. Rd8# {[%emt 0:00:04]}
1-0